Jednoduchosť v evidencii zásob
Systém evidencie zásob pre malých a stredných podnikateľov. Metódy vizuálnej kontroly. Metódy písomných záznamov: skladové karty a bloky, skladové lístky a ich kódovanie.
Guardado en:
| Autor principal: | |
|---|---|
| Formato: | Capítulo de libro |
| Lenguaje: | eslovaco |
| Materias: | |
| Etiquetas: |
Sin Etiquetas, Sea el primero en etiquetar este registro!
|
MARC
| LEADER | 00000naa a2200000 4500 | ||
|---|---|---|---|
| 001 | r021683 | ||
| 005 | 20230811094430.7 | ||
| 041 | 0 | |a slo | |
| 044 | |a SK | ||
| 245 | 1 | 0 | |a Jednoduchosť v evidencii zásob |c Štefan Majtán |
| 520 | |a Systém evidencie zásob pre malých a stredných podnikateľov. Metódy vizuálnej kontroly. Metódy písomných záznamov: skladové karty a bloky, skladové lístky a ich kódovanie. | ||
| 610 | 2 | 0 | |a hospodárstvo skladové |
| 610 | 2 | 0 | |a zásoby |
| 610 | 2 | 0 | |a evidencia skladová |
| 610 | 2 | 0 | |a kontrola skladová |
| 610 | 2 | 0 | |a podnikanie drobné |
| 100 | 1 | |a Majtán, Štefan | |